les equipes les plus titrés de chaque championnat d'europe - Statistiques

Statistiques générales
  • Ce quiz a été pris 93 fois
  • Le résultat moyen est 20 sur 54
Statistiques - réponses
Championnat Nombre
de
titres
Equipe % Correct
Espagne 36 Real Madrid
99%
Italie 36 Juventus
98%
France 12 Paris Saint-Germain
98%
Angleterre 20 Manchester United
94%
Pays-Bas 36 Ajax Amsterdam
93%
Allemagne 33 Bayern Munich
93%
Portugal 38 Benfica
89%
Turquie 23 Galatasaray SK
86%
Ecosse 55 Glasgow Rangers
78%
Belgique 34 RSC Anderlecht
73%
Ukraine 16 Dynamo Kiev
67%
Grèce 47 Olympiakos
66%
Autriche 32 Rapid Vienne
65%
Danemark 15 FC Copenhague
60%
Suisse 27 Grasshopper Zurich
56%
République Tchèque 13 Sparta Prague
53%
Bulgarie 31 CSKA Sofia
52%
Suède 23 Malmö FF
51%
Chypre 28 APOEL Nicosie
48%
Croatie 24 Dinamo Zagreb
44%
Israël 25 Maccabi Tel-Aviv
42%
Pologne 15 Legia Varsovie
38%
Serbie 9 Etoile Rouge de Belgrade
34%
Russie 10 Spartak Moscou
34%
Hongrie 35 Ferencvaros TC
32%
Kazakhstan 7 FK Astana
32%
Norvège 26 Rosenborg BK
31%
Lettonie 15 Skonto Riga
27%
Slovaquie 14 Slovan Bratislava
22%
Azerbaidjan 11 Qarabag FK
20%
Biélorussie 15 BATE Borisov
19%
Albanie 26 KF Tirana
19%
Islande 27 KR Reykjavik
19%
Kosovo 11 FC Pristina
18%
Finlande 31 HJK Helsinki
18%
Slovénie 16 NK Maribor
18%
Moldavie 21 Sheriff Tiraspol
16%
Géorgie 19 Dinamo Tbilissi
13%
Irlande 21 Shamrock Rovers
10%
Pays de Galles 16 The New Saints
10%
Roumanie 27 FC Steaua Bucarest
9%
Estonie 15 Flora Talinn
9%
Luxembourg 28 Jeunesse d'Esch
9%
Irlande du Nord 56 Linfield FC
8%
Iles Féroés 24 HB Torshavn
7%
Gibraltar 27 Lincoln Red Imps
5%
Andorre 12 FC Santa Coloma
3%
Macédoine du Nord 11 FK Vardar Skopje
3%
Arménie 15 Pyunik Erevan
3%
Saint-Marin 8 SP Tre Fiori
3%
Lituanie 10 Zalgiris
3%
Bosnie-Herzégovine 8 HSK Zrinjski Mostar
2%
Monténégro 6 FK Buducnost Podgorica
1%
Malte 26 Floriana FC / Sliema Wanderers
1%
Aucun quiz correspondant
Distribution des résultats
% des personnes avec chaque résultat
Percentile par nombre de réponses
Votre historique - résultats
Vous n’avez pas pris ce quiz